000 00456nam a2200133Ia 4500
008 100328s9999 xx 000 0 und d
082 _b33271
100 _aसरदार गंगाधर बाळकृष्ण
245 _aगांधी आणि आंबेडकर
260 _bसुगावा
630 _aगांधी आणि आंबेडकर
730 _aगांधी आणि आंबेडकर
942 _cBOOK
999 _c523793
_d523790